|
|
|
แสดงรายละเอียดบรรณานุกรม |
|
|
Brief Record
: Get Marc (ISO 2709)
: E-mail record
: |
|
|
| LEADER 00000nam 2200000uu 4500 | |||
| 001 13399128792 | |||
| 003 BCNR | |||
| 008 260506s2568||||th 000 0 tha d | |||
| 020 ^a9786166268614 | |||
| 041 ^atha | |||
| 060 4 ^aWY154^bว671ก 2568 | |||
| 100 0 ^aวิมลรัตน์ ภู่วราวุฒิพานิช | |||
| 245 00 ^aการพยาบาลผู้ป่วยที่รอดชีวิตจากการติดเชื้อในกระแสเลือด /^cวิมลรัตน์ ภู่วราวุฒิพานิช | |||
| 250 ^aพิมพ์ครั้งที่ 1 | |||
| 260 ^aกรุงเทพฯ :^bวัฒนาการพิมพ์,^c2568 | |||
| 300 ^a107 หน้า :^bภาพประกอบ, ตาราง ;^c30 ซม. | |||
| 505 0 ^aบทที่ 1 ระบบภูมิคุ้มกันของผู้ป่วยที่รอดชีวิตจากการติดเชื้อในกระแสเลือด -- บทที่ 2 ความต้องการของผู้ป่วยที่รอดชีวิตจากการติดเชื้อในกระแสเลือด -- บทที่ 3 การส่งเสริมการเคลื่อนไหวในผู้ป่วยที่รอดชีวิตจากการติดเชื้อในกระแสเลือด -- บทที่ 4 การพยาบาลผู้ที่มีความบกพร่องด้านการรู้คิดในผู้ป่วยที่รอดชีวิตจากการติดเชื้อในกระแสเลือด -- บทที่ 5 การพยาบาลผู้ที่มีอาการอ่อนล้าในผู้ป่วยที่รอดชีวิตจากการติดเชื้อในกระแสเลือด -- บทที่ 6 การพยาบาลผู้ที่มีปัญหาการนอนหลับในผู้ป่วยที่รอดชีวิตจากการติดเชื้อในกระแสเลือด -- บทที่ 7 รูปแบบการดูแลผู้ป่วยที่รอดชีวิตจากการติดเชื้อในกระแสเลือด | |||
| 650 4 ^aการติดเชื้อ^xการพยาบาล | |||
| 650 4 ^aเลือดติดเชื้อ | |||
| 650 4 ^aโรคติดเชื้อในโรงพยาบาล | |||
| 650 4 ^aการติดเชื้อ | |||
| 710 2 ^aมหาวิทยาลัยมหิดล. ^bคณะพยาบาลศาสตร์.^bภาควิชาการพยาบาลอายุรศาสตร์ | |||
| 999 ^aบรรณารักษ์ | |||
| คุณยังไม่ได้ล็อกอิน คุณสามารถมีกิจกรรมร่วมกับเว็บไซต์ได้ แต่ต้องล็อกอินก่อน :: |
|
| สถานะ | |||||||||
| 1. | หนังสือ | WY154 ว671ก 2568 c.1 Barcode: 087840 | ►หนังสือทั่วไป | On Shelf | |||||
| 2. | หนังสือ | WY154 ว671ก 2568 c.2 Barcode: 087841 | ►หนังสือทั่วไป | On Shelf | |||||
| 3. | หนังสือ | WY154 ว671ก 2568 c.3 Barcode: 087842 | ►หนังสือทั่วไป | On Shelf | |||||
| 4. | หนังสือ | WY154 ว671ก 2568 c.4 Barcode: 087843 | ►หนังสือทั่วไป | On Shelf | |||||
| 5. | หนังสือ | WY154 ว671ก 2568 c.5 Barcode: 087844 | ►หนังสือทั่วไป | On Shelf | |||||
| 6. | หนังสือ | WY154 ว671ก 2568 c.6 Barcode: 087845 | ►หนังสือทั่วไป | On Shelf | |||||
| 7. | หนังสือ | WY154 ว671ก 2568 c.7 Barcode: 087846 | ►หนังสือทั่วไป | On Shelf | |||||
| 8. | หนังสือ | WY154 ว671ก 2568 c.8 Barcode: 087847 | ►หนังสือทั่วไป | On Shelf | |||||
| 9. | หนังสือ | WY154 ว671ก 2568 c.9 Barcode: 087848 | ►หนังสือทั่วไป | On Shelf | |||||
| 10. | หนังสือ | WY154 ว671ก 2568 c.10 Barcode: 087849 | ►หนังสือทั่วไป | On Shelf | |||||
| [แสดง 10/10 รายการ] | |||||||||
BibComment |
| คอมเมนท์ทรัพยากรรายการนี้ |
|
|